|
|
|
|
| LEADER |
00000nam0a2200000 4500 |
| 001 |
120150 |
| 005 |
20231031124902.0 |
| 020 |
|
|
|a RU
|b 86-60183
|
| 035 |
|
|
|a (RuTPU)RU\TPU\book\130093
|
| 090 |
|
|
|a 120150
|
| 100 |
|
|
|a 20070817d1985 m y0rusy5003 ca
|
| 101 |
0 |
|
|a rus
|
| 102 |
|
|
|a RU
|
| 105 |
|
|
|a y j 001zy
|
| 200 |
1 |
|
|a Расчет элементов полосковых трактов СВЧ
|e учебное пособие для вузов
|f Ю. А. Иларионов, В. Я. Сморгонский, Е. П. Тимофеев
|g Горьковский политехнический институт имени А. А. Жданова (ГПИ)
|
| 210 |
|
|
|a Горький
|c ГПИ
|d 1985
|
| 215 |
|
|
|a 100,[2] с.
|c ил.
|
| 320 |
|
|
|a Библиогр.: с. 100-101 (27 назв.).
|
| 610 |
1 |
|
|a полосковые устройства
|
| 610 |
1 |
|
|a СВЧ
|
| 610 |
1 |
|
|a инженерные расчеты
|
| 610 |
1 |
|
|a элементы
|
| 610 |
1 |
|
|a устройства
|
| 610 |
1 |
|
|a учебные пособия
|
| 675 |
|
|
|a 621.372.8
|z rus
|
| 700 |
|
1 |
|a Иларионов
|b Ю. А.
|g Юрий Авенирович
|4 070
|
| 701 |
|
1 |
|a Смарганский
|b В. Я.
|g Владимир Яковлевич
|
| 701 |
|
1 |
|a Тимофеев
|b Е. П.
|g Евгений Петрович
|
| 712 |
0 |
2 |
|a Горьковский политехнический институт имени А. А. Жданова (ГПИ)
|c (1950-1990)
|2 stltpush
|3 (RuTPU)RU\TPU\col\2321
|
| 801 |
|
0 |
|a RU
|b RuMRKP
|c 19950704
|g psbo
|
| 801 |
|
1 |
|a RU
|b 63413507
|c 20070817
|g PSBO
|
| 801 |
|
2 |
|a RU
|b 63413507
|c 20080922
|g PSBO
|
| 942 |
|
|
|c BK
|